Stati meno estesi - Statistics

Statistiche generali
  • Questo quiz è stato fatto 49 volte
  • Il punteggio medio è 15 su 20
Statistiche sulle risposte
Superficie (km²) Continente Nazione % Corretto
0,49 Europa Città del Vaticano
98%
61 Europa San Marino
98%
468 Europa Andorra
93%
160 Europa Liechtenstein
90%
2 Europa Monaco
88%
21 Oceania Nauru
85%
26 Oceania Tuvalu
80%
261 America del Nord Saint Kitts e Nevis
75%
616 America Saint Lucia
75%
459 Oceania Palau
70%
442 America Antigua e Barbuda
68%
181 Oceania Isole Marshall
68%
316 Europa Malta
68%
389 America Saint Vincent e Grenadine
65%
728 Asia Singapore
65%
344 America Grenada
60%
452 Africa Seychelles
60%
702 Oceania Stati Federati di Micronesia
58%
431 America Barbados
55%
300 Asia Maldive
53%
Nessun quiz corrispondente trovato
Distribuzione punteggi
Percentuale di utenti per punteggio
Percentile per numero di risposta
I tuoi punteggi nel tempo
Non hai fatto questo quiz